| 000 | 00767cam a2200181 4500 | ||
|---|---|---|---|
| 001 | ABS66290 | ||
| 008 | 021220n2002 000 0 eng u | ||
| 035 | _a(Sirsi) u120857 | ||
| 100 | _aCapps, D | ||
| 245 | _aConveyancing in the 21st century: an outline of electronic conveyancing and electronic signatures | ||
| 260 | _c2002 | ||
| 490 |
_aThe Conveyancer _v (66) September/October 2002, 443-455(7) |
||
| 520 | _aOverview of the history of conveyancing, with emphasis on the recent developments in electronic conveyancing and electronic signatures. Includes a look at how they work, and how to obtain electronic signatures, their security and future. | ||
| 590 | _aABS | ||
| 650 | _aE-SIGNATURES | ||
| 690 | _aPROPERTY AND LAND LAW-CONVEYANCING | ||
| 942 | _n0 | ||
| 999 |
_c71833 _d71833 |
||